[Event "Torneo FreeTUR"]
[Site "Torino ITA"]
[Date "2007.11.20"]
[Round "3"]
[White "Angioni, Gian Carlo"]
[Black "Cacinschi, Alexandru"]
[Result "1-0"]
[WhiteElo "1811"]
[BlackElo "1630"]
[PlyCount "63"]
[EventDate "2007.11.06"]

1. e4 e6 2. d4 d5 3. Nc3 Bb4 4. e5 c5 5. Qg4 Ne7 6. Nf3 Qc7 7. Bb5+ Bd7 8. O-O
Bxc3 9. Bxd7+ Nxd7 10. bxc3 Ng6 11. h4 h5 12. Qg3 cxd4 13. cxd4 Qxc2 14. Ba3
Nb6 15. Rfc1 Qd3 16. Bb4 Nc4 17. Rc3 Qe4 18. Qg5 Qf4 19. g3 Qxg5 20. Nxg5 a5
21. Ba3 Nxa3 22. Rxa3 O-O 23. Rb1 Rfb8 24. Rf3 Nh8 25. Rc3 Ra6 26. Rxb7 Raa8
27. Rbc7 Re8 28. f4 f6 29. exf6 gxf6 30. Nh7 Reb8 31. Nxf6+ Kf8 32. Nd7+ 1-0

[Event "Torneo FreeTUR"]
[Site "Torino ITA"]
[Date "2007.11.20"]
[Round "3"]
[White "Colamartino, Gianfranco"]
[Black "Gatti, Franco"]
[Result "0-1"]
[WhiteElo "1440"]
[BlackElo "1499"]
[PlyCount "56"]
[EventDate "2007.11.06"]

1. d4 Nf6 2. c4 g6 3. Nc3 Bg7 4. e4 d6 5. Nf3 O-O 6. Bd3 c5 7. d5 Bg4 8. h3
Bxf3 9. Qxf3 Nbd7 10. O-O Ne5 11. Qe2 Nxd3 12. Qxd3 a6 13. a4 Nd7 14. f4 f5 15.
Kh1 fxe4 16. Nxe4 Rf5 17. Ng5 Nf8 18. Qe2 h6 19. Ne6 Nxe6 20. Qxe6+ Kh7 21. Re1
Bf8 22. Ra3 Rf6 23. Qe4 Qd7 24. g4 Re8 25. Bd2 e5 26. a5 Re7 27. Rf3 exf4 28.
Qxe7+ Bxe7 0-1

[Event "Torneo FreeTUR"]
[Site "Torino ITA"]
[Date "2007.11.20"]
[Round "3"]
[White "Di Chiara, Mauro"]
[Black "Tondo, Stefano"]
[Result "1-0"]
[WhiteElo "1747"]
[BlackElo "1496"]
[PlyCount "49"]
[EventDate "2007.11.06"]

1. f4 d5 2. d3 Nf6 3. Nf3 c5 4. g3 Nc6 5. Bg2 Bg4 6. O-O Bxf3 7. Bxf3 e5 8.
fxe5 Nxe5 9. Bg2 h6 10. c3 Ng6 11. Qa4+ Qd7 12. Qxd7+ Kxd7 13. e4 dxe4 14. dxe4
Re8 15. Be3 Nxe4 16. Rxf7+ Kc8 17. Na3 Nd6 18. Bh3+ Kb8 19. Bf4 Nxf4 20. Rxf4
Be7 21. Rd1 Ref8 22. Rg4 g5 23. Re1 h5 24. Ra4 Re8 25. Bd7 1-0

[Event "Torneo FreeTUR"]
[Site "Torino ITA"]
[Date "2007.11.20"]
[Round "3"]
[White "Di Stefano, Marco"]
[Black "Blundo, Michele"]
[Result "1-0"]
[WhiteElo "1464"]
[BlackElo "1896"]
[PlyCount "53"]
[EventDate "2007.11.06"]

1. e4 c5 2. d4 cxd4 3. c3 dxc3 4. Nxc3 e6 5. Nf3 d6 6. Bf4 Be7 7. Bc4 a6 8. O-O
b5 9. Bb3 Bb7 10. Qd3 Nc6 11. Rfd1 Qb6 12. Rac1 Rd8 13. a3 Nf6 14. h3 O-O 15.
Ng5 Ba8 16. Qg3 Nh5 17. Qh4 Nf6 18. Qg3 Na5 19. Bxe6 fxe6 20. Nxe6 Nh5 21. Be3
Qb7 22. Qg4 Nb3 23. Rc2 Nc5 24. Bxc5 dxc5 25. Rxd8 Bxd8 26. Nxf8 Kxf8 27. Qxh5
1-0

[Event "Torneo FreeTUR"]
[Site "Torino ITA"]
[Date "2007.11.20"]
[Round "3"]
[White "Di Stefano, Salvatore"]
[Black "Pizzul, Aleksandar"]
[Result "1-0"]
[WhiteElo "1404"]
[BlackElo "1449"]
[PlyCount "71"]
[EventDate "2007.11.06"]

1. e4 c6 2. Nc3 d5 3. Nf3 dxe4 4. Nxe4 Bf5 5. Ng3 Bg6 6. h4 h6 7. Ne5 Bh7 8.
Qh5 g6 9. Bc4 e6 10. Qe2 Bg7 11. Nxf7 Qe7 12. Nxh8 Bxh8 13. Qxe6 Nd7 14. Qxe7+
Nxe7 15. d3 O-O-O 16. c3 Bg7 17. Bf4 Re8 18. Ne4 Nf5 19. O-O Ne5 20. Rfe1 b5
21. Bxe5 Rxe5 22. d4 Re8 23. g4 bxc4 24. gxf5 Rf8 25. b3 gxf5 26. Nd6+ Kd7 27.
Nxc4 Rg8 28. Kf1 f4 29. Rad1 Bf5 30. Ke2 Bf6 31. Rg1 Re8+ 32. Kd2 f3 33. Rge1
Bxh4 34. Rxe8 Kxe8 35. Ke3 h5 36. Nd6+ 1-0

[Event "Torneo FreeTUR"]
[Site "Torino ITA"]
[Date "2007.11.20"]
[Round "3"]
[White "Diana, Riccardo"]
[Black "Fassio, Francesco"]
[Result "1-0"]
[WhiteElo "2070"]
[BlackElo "1732"]
[PlyCount "95"]
[EventDate "2007.11.06"]

1. e4 e5 2. Nf3 d6 3. d4 Nf6 4. Nc3 Nbd7 5. Bc4 Be7 6. O-O O-O 7. h3 c6 8. Bb3
Qc7 9. a3 exd4 10. Nxd4 Nc5 11. Qf3 Nxb3 12. Nxb3 Be6 13. Nd4 Bc4 14. Re1 Nd7
15. Nf5 Bf6 16. Bf4 Ne5 17. Qg3 Rfe8 18. Rad1 Rad8 19. Rd2 Be6 20. Nxd6 Rxd6
21. Bxe5 Bxe5 22. Qxe5 Rd7 23. Qxc7 Rxc7 24. Red1 f6 25. f3 b6 26. Kf2 Kf7 27.
Ne2 Ke7 28. Nd4 Bc8 29. h4 g6 30. Ne2 Rd7 31. Nd4 c5 32. Nb5 Red8 33. Ke3 Rxd2
34. Rxd2 a6 35. Rxd8 Kxd8 36. Nc3 b5 37. b4 cxb4 38. axb4 Ke7 39. Kd4 Ke6 40.
Nd5 Bb7 41. c3 f5 42. Nf4+ Ke7 43. exf5 gxf5 44. Ke5 Bc8 45. Nd5+ Kf7 46. Kd6
h5 47. Nf4 Kf8 48. Nxh5 1-0

[Event "Torneo FreeTUR"]
[Site "Torino ITA"]
[Date "2007.11.20"]
[Round "3"]
[White "Figari, Andrea"]
[Black "Savarese, Ciro"]
[Result "0-1"]
[WhiteElo "1563"]
[BlackElo "1416"]
[PlyCount "68"]
[EventDate "2007.11.06"]

1. e4 e5 2. Nf3 Nc6 3. Bc4 Nf6 4. Nc3 Bc5 5. d3 O-O 6. O-O d6 7. Bg5 Bg4 8. h3
Bh5 9. Nd5 Nd4 10. g4 Bg6 11. Nxf6+ gxf6 12. Bh4 b5 13. Bb3 Nxb3 14. axb3 d5
15. Nxe5 Qd6 16. Nxg6 fxg6 17. d4 Bb6 18. Bg3 Qd7 19. e5 f5 20. Re1 fxg4 21. e6
Qe7 22. Qxg4 Rf5 23. Bh4 Qf8 24. e7 Qf7 25. Re2 Re8 26. Rae1 Rf4 27. Qg5 Bxd4
28. Bg3 Rf5 29. Qg4 Bf6 30. Bxc7 Rg5 31. Qxg5 Bxg5 32. Bd6 Bf4 33. Bc5 Qf5 34.
Kg2 Qg5+ 0-1

[Event "Torneo FreeTUR"]
[Site "Torino ITA"]
[Date "2007.11.20"]
[Round "3"]
[White "Malano, Francesco"]
[Black "Domenichelli, Serafino"]
[Result "1/2-1/2"]
[WhiteElo "1967"]
[BlackElo "1730"]
[PlyCount "79"]
[EventDate "2007.11.06"]

1. Nf3 Nf6 2. g3 e6 3. Bg2 Nc6 4. d4 d5 5. O-O Be7 6. b3 O-O 7. e3 b6 8. Nbd2
Bb7 9. Bb2 Na5 10. Ne5 c5 11. Qe2 Rc8 12. c3 Nd7 13. f4 Nxe5 14. fxe5 f6 15.
exf6 Bxf6 16. Bh3 Qd6 17. Rae1 Rce8 18. Ba3 Nc6 19. Qb5 Qc7 20. dxc5 Rf7 21.
cxb6 axb6 22. Nb1 Rd7 23. Bb2 Ne5 24. Qe2 Qc6 25. Bg2 Ra8 26. Ba1 Ba6 27. c4
Qd6 28. Rd1 Qc7 29. Nd2 Rad8 30. Bxe5 Qxe5 31. Bh3 Rd6 32. Kh1 dxc4 33. Nxc4
Bxc4 34. bxc4 Rxd1 35. Rxd1 Rxd1+ 36. Qxd1 Qxe3 37. Qg1 Qe4+ 38. Bg2 Qxc4 39.
Qxb6 Bd4 40. Qb1 1/2-1/2

[Event "Torneo FreeTUR"]
[Site "Torino ITA"]
[Date "2007.11.20"]
[Round "3"]
[White "Marvin, Elio"]
[Black "Gariglio, Marco"]
[Result "1-0"]
[WhiteElo "1708"]
[BlackElo "1491"]
[PlyCount "107"]
[EventDate "2007.11.06"]

1. e4 c5 2. f4 Nc6 3. Nf3 d6 4. c4 g6 5. Be2 Bg7 6. O-O Nd4 7. Nxd4 Bxd4+ 8.
Kh1 Nf6 9. d3 Bd7 10. Nc3 Qc8 11. Nb5 Bxb5 12. cxb5 h5 13. f5 Qd7 14. fxg6 fxg6
15. Bg5 Bxb2 16. Rb1 Bd4 17. Qb3 b6 18. Bf3 O-O-O 19. e5 Bxe5 20. Bc6 Qc7 21.
Qe6+ Kb8 22. Rbe1 Rdf8 23. d4 cxd4 24. Rc1 Ng4 25. Bf3 Qd8 26. Qd5 Rxf3 27.
Rxf3 Nf6 28. Qe6 Qe8 29. a4 Rf8 30. h3 Qf7 31. Qxf7 Rxf7 32. g3 Rh7 33. Bxf6
exf6 34. Kg2 Rc7 35. Rxc7 Kxc7 36. Rd3 f5 37. g4 hxg4 38. hxg4 Kd7 39. Kf3 Ke6
40. Rd1 g5 41. gxf5+ Kxf5 42. Rg1 d3 43. Ke3 g4 44. Kxd3 g3 45. Ke3 d5 46. Kf3
d4 47. Rd1 Ke6 48. Ke4 Kd6 49. Rc1 Bg7 50. Rc2 Kd7 51. Rg2 Kd6 52. Rxg3 Bh8 53.
Rg8 Bf6 54. Ra8 {...} 1-0

[Event "Torneo FreeTUR"]
[Site "Torino ITA"]
[Date "2007.11.20"]
[Round "3"]
[White "Pitrola, Carlo"]
[Black "Bosetti, Roberto"]
[Result "1-0"]
[WhiteElo "1602"]
[BlackElo "1692"]
[PlyCount "93"]
[EventDate "2007.11.06"]

1. d4 Nf6 2. c4 e6 3. Nc3 Bb4 4. Qc2 c5 5. dxc5 Qa5 6. Bd2 Nc6 7. Nf3 Qxc5 8.
e3 O-O 9. a3 Bxc3 10. Bxc3 Qe7 11. Ng5 g6 12. h4 h5 13. Bd3 d5 14. cxd5 exd5
15. O-O-O Bg4 16. f3 Bd7 17. Kb1 Rac8 18. Rde1 a5 19. g4 Ne5 20. gxh5 Nxh5 21.
Qd2 Nxd3 22. Qxd3 Bf5 23. e4 dxe4 24. fxe4 Qd7 25. Qxd7 Bxd7 26. Bxa5 Bc6 27.
Rhg1 Rfe8 28. e5 f6 29. exf6 Nxf6 30. Nh3 Kh7 31. Nf4 Be4+ 32. Ka1 Rc2 33. Bc3
Rf2 34. Nh3 Rf5 35. Bxf6 Rxf6 36. Ng5+ Kg7 37. Rxe4 Rxe4 38. Nxe4 Rf4 39. Nc5
Rf7 40. Rd1 Kh6 41. Rd5 Rf4 42. Nxb7 Rxh4 43. Nd6 Rh1+ 44. Ka2 Rg1 45. a4 g5
46. Nf7+ Kg6 47. Rxg5+ 1-0

[Event "Torneo FreeTUR"]
[Site "Torino ITA"]
[Date "2007.11.20"]
[Round "3"]
[White "Portaro, Gaetano"]
[Black "Raimondi, Andrea"]
[Result "1/2-1/2"]
[WhiteElo "1428"]
[BlackElo "1443"]
[PlyCount "64"]
[EventDate "2007.11.06"]

1. d4 d5 2. Bf4 e6 3. Nf3 c5 4. e3 Nc6 5. c3 Nf6 6. h3 c4 7. Nbd2 h6 8. Be2 b5
9. a3 Bb7 10. O-O Bd6 11. Ne5 O-O 12. Qc2 Ne7 13. Bf3 Nh7 14. Bh5 Nf5 15. Ndf3
Nf6 16. Bxf7+ Rxf7 17. Nxf7 Kxf7 18. Bxd6 Qxd6 19. Ne5+ Kg8 20. Rae1 Ne4 21. g4
Nh4 22. Qe2 Rf8 23. Kh2 Nf3+ 24. Kh1 Nxe1 25. Qxe1 Ng5 26. Kg2 Rf6 27. f4 Nf7
28. Nf3 Bc6 29. h4 Be8 30. g5 hxg5 31. hxg5 Nxg5 32. Nxg5 Rh6 1/2-1/2

[Event "Torneo FreeTUR"]
[Site "Torino ITA"]
[Date "2007.11.20"]
[Round "3"]
[White "Ragni, Paolo"]
[Black "Parisi, Gianmario"]
[Result "1-0"]
[WhiteElo "2169"]
[BlackElo "1647"]
[PlyCount "95"]
[EventDate "2007.11.06"]

1. e4 e6 2. d3 d5 3. Nd2 Nf6 4. g3 Be7 5. Bg2 O-O 6. Ngf3 c5 7. O-O Nc6 8. e5
Nd7 9. Re1 Qc7 10. Qe2 b5 11. Nf1 a5 12. Bf4 Ba6 13. h4 c4 14. d4 c3 15. b3 Nb6
16. N1h2 Ba3 17. Rad1 Nb4 18. Ng5 h6 19. Nh3 Qe7 20. Ng4 Nd7 21. Ne3 Rfc8 22.
Qh5 f5 23. exf6 Nxf6 24. Qe5 Nc6 25. Nf5 Nxe5 26. Nxe7+ Bxe7 27. Rxe5 Rc6 28.
Rde1 Kf7 29. f3 Re8 30. R5e3 b4 31. Nf2 Bd8 32. Bh3 Bb6 33. Rd1 Bc7 34. Bxc7
Rxc7 35. Rde1 Rce7 36. a3 h5 37. axb4 axb4 38. Ra1 Bb5 39. Ra5 Rb8 40. Bf1 Bxf1
41. Kxf1 Reb7 42. Nd3 Nd7 43. Nf4 Rb5 44. Ra7 R8b7 45. Ra1 Nf6 46. Nxe6 Ne4 47.
Nd8+ Kg6 48. fxe4 1-0

[Event "Torneo FreeTUR"]
[Site "Torino ITA"]
[Date "2007.11.27"]
[Round "4"]
[White "Abbura', Davide"]
[Black "Ragni, Paolo"]
[Result "0-1"]
[WhiteElo "1697"]
[BlackElo "2169"]
[PlyCount "50"]
[EventDate "2007.11.06"]

1. e4 c5 2. Nc3 Nc6 3. g3 g6 4. Bg2 Bg7 5. Nge2 d6 6. O-O e6 7. d3 Nge7 8. Be3
O-O 9. Qd2 Nd4 10. Nd1 Rb8 11. c3 Nxe2+ 12. Qxe2 Nc6 13. f4 b6 14. Nf2 Bb7 15.
Nh3 Ne7 16. g4 f5 17. exf5 exf5 18. Bxb7 Rxb7 19. Ng5 Qd7 20. h3 h6 21. Nf3
fxg4 22. hxg4 Qxg4+ 23. Qg2 Qxg2+ 24. Kxg2 Nd5 25. Bd2 Nxf4+ 0-1

[Event "Torneo FreeTUR"]
[Site "Torino ITA"]
[Date "2007.11.27"]
[Round "4"]
[White "Biancotti, Alessandro"]
[Black "Di Stefano, Marco"]
[Result "1/2-1/2"]
[WhiteElo "1828"]
[BlackElo "1464"]
[PlyCount "40"]
[EventDate "2007.11.06"]

1. e4 e5 2. Nf3 Nc6 3. Bb5 Nf6 4. Nc3 a6 5. Bxc6 dxc6 6. Nxe5 Bc5 7. O-O O-O 8.
Nf3 Re8 9. d4 Bb4 10. e5 Nd5 11. Ne4 Bf5 12. Ng3 Qd7 13. a3 Be7 14. Nxf5 Qxf5
15. c4 Nf4 16. Qd2 Nxg2 17. Kxg2 Qg4+ 18. Kh1 Qxf3+ 19. Kg1 Qg4+ 20. Kh1 Qf3+
1/2-1/2

[Event "Torneo FreeTUR"]
[Site "Torino ITA"]
[Date "2007.11.27"]
[Round "4"]
[White "Blundo, Michele"]
[Black "Pizzul, Aleksandar"]
[Result "0-1"]
[WhiteElo "1896"]
[BlackElo "1449"]
[PlyCount "83"]
[EventDate "2007.11.06"]

1. d4 d5 2. c4 e6 3. Nc3 Nf6 4. Bg5 Be7 5. Nf3 Nbd7 6. cxd5 exd5 7. e3 c6 8.
Bd3 O-O 9. O-O Nb6 10. Bxf6 Bxf6 11. Nd2 Be6 12. Rc1 g6 13. Re1 Bg7 14. Bb1 f5
15. Nf3 Nc4 16. Qe2 Nd6 17. b4 Ne4 18. a4 g5 19. Ba2 Bf7 20. Nd2 Re8 21. b5 Qf6
22. Ncxe4 fxe4 23. bxc6 bxc6 24. Qa6 Rec8 25. Rb1 c5 26. Qxf6 Bxf6 27. Rb5 c4
28. Bxc4 dxc4 29. Nxe4 Kg7 30. Nc3 Rab8 31. Reb1 Rxb5 32. Rxb5 Rc7 33. a5 Be8
34. Rb8 Bf7 35. a6 Rc6 36. h3 Rxa6 37. Rb7 Ra1+ 38. Kh2 a5 39. Nb5 Rb1 40.
Rxf7+ Kxf7 41. Nd6+ Ke6 42. Nxc4 0-1

[Event "Torneo FreeTUR"]
[Site "Torino ITA"]
[Date "2007.11.27"]
[Round "4"]
[White "Bosetti, Roberto"]
[Black "Bovero, Ezio"]
[Result "1/2-1/2"]
[WhiteElo "1692"]
[BlackElo "1452"]
[PlyCount "93"]
[EventDate "2007.11.06"]

1. d4 d6 2. c4 c6 3. Nc3 Na6 4. e4 Nc7 5. Nf3 h6 6. Be2 g6 7. O-O Bg7 8. Bf4
Nf6 9. h3 Nh5 10. Bh2 O-O 11. e5 Bh8 12. Qd2 Kh7 13. Rad1 Ng7 14. Bd3 Bf5 15.
Bxf5 Nxf5 16. Qf4 Ne6 17. Qe4 Nc7 18. d5 c5 19. g4 Ng7 20. Nh4 e6 21. Ng2 f5
22. exf6 Rxf6 23. f4 Qd7 24. Qd3 Re8 25. Ne4 Rff8 26. dxe6 Ncxe6 27. Qxd6 Qxd6
28. Nxd6 Re7 29. f5 gxf5 30. gxf5 Ng5 31. Rd3 Ne8 32. Re1 Rxe1+ 33. Nxe1 Nxd6
34. Rxd6 Bd4+ 35. Kg2 Rxf5 36. Rd7+ Kg6 37. Bg3 Rf7 38. Rxf7 Kxf7 39. Nd3 Ne4
40. Bb8 a6 41. Kf3 Nd2+ 42. Kg4 Nxc4 43. b3 Ne3+ 44. Kh5 Nf5 45. Ba7 c4 46.
Bxd4 cxd3 47. Bc3 1/2-1/2

[Event "Torneo FreeTUR"]
[Site "Torino ITA"]
[Date "2007.11.27"]
[Round "4"]
[White "Cacinschi, Alexandru"]
[Black "Parisi, Gianmario"]
[Result "1-0"]
[WhiteElo "1630"]
[BlackElo "1647"]
[PlyCount "101"]
[EventDate "2007.11.06"]

1. c4 Nf6 2. Nf3 g6 3. g3 Bg7 4. Bg2 O-O 5. O-O d6 6. Nc3 Nbd7 7. d3 e5 8. Rb1
c6 9. b4 Nh5 10. e4 Re8 11. Be3 Nf8 12. d4 f5 13. d5 f4 14. Bd2 Qf6 15. dxc6
bxc6 16. b5 Bd7 17. bxc6 Bxc6 18. Nd5 Bxd5 19. cxd5 Nd7 20. g4 g5 21. gxh5 g4
22. Ne1 Qh4 23. Bb4 Bf8 24. Qd3 Nf6 25. h3 f3 26. Nxf3 gxf3 27. Qxf3 Kh8 28.
Qg3 Qxh5 29. f4 Bh6 30. fxe5 Nxe4 31. Qf3 Qxf3 32. Bxf3 Rg8+ 33. Bg2 a5 34.
Bxd6 Nxd6 35. exd6 Rad8 36. Rb7 Bf8 37. Rff7 Rg7 38. Rxg7 Bxg7 39. d7 Be5 40.
Be4 h6 41. Bf5 Kg7 42. Be6 Kf8 43. Kf1 Ke7 44. Ke2 Kd6 45. Kd3 Kc5 46. Ke4 Bh2
47. Kf3 Kd4 48. Ra7 Kc5 49. Rxa5+ Kb4 50. Ra6 Kb5 51. Rc6 1-0

[Event "Torneo FreeTUR"]
[Site "Torino ITA"]
[Date "2007.11.27"]
[Round "4"]
[White "Capuzzimati, Fausto"]
[Black "Portaro, Gaetano"]
[Result "0-1"]
[WhiteElo "1497"]
[BlackElo "1428"]
[PlyCount "50"]
[EventDate "2007.11.06"]

1. d4 Nf6 2. c4 e6 3. Nf3 b6 4. g3 Bb7 5. Bg2 d6 6. Nc3 Be7 7. O-O O-O 8. Re1
Nbd7 9. e4 c5 10. d5 Ne8 11. Bf4 e5 12. Be3 Bc8 13. Qd2 h6 14. a4 f5 15. exf5
Rxf5 16. Bh3 Rxf3 17. Bxh6 gxh6 18. Qxh6 Nf8 19. Be6+ Bxe6 20. dxe6 Rf6 21. Qh3
Rxe6 22. Re4 Rg6 23. Rae1 Bg5 24. Rd1 Qc8 25. Nd5 Qxh3 0-1

[Event "Torneo FreeTUR"]
[Site "Torino ITA"]
[Date "2007.11.27"]
[Round "4"]
[White "Di Chiara, Mauro"]
[Black "Tallarico, Pierfrancesco"]
[Result "1/2-1/2"]
[WhiteElo "1747"]
[BlackElo "1518"]
[PlyCount "91"]
[EventDate "2007.11.06"]

1. f4 d5 2. d3 Nf6 3. Nf3 Bg4 4. Ne5 Bf5 5. g3 Nbd7 6. Bg2 e6 7. O-O c6 8. c3
Qc7 9. Qe1 Be7 10. e4 dxe4 11. Nxd7 Qxd7 12. dxe4 Bg6 13. Nd2 O-O 14. Nc4 Rad8
15. Ne5 Qc7 16. Nxg6 hxg6 17. h3 Bc5+ 18. Be3 Bb6 19. Bxb6 Qxb6+ 20. Qf2 Rd2
21. Qxb6 axb6 22. Rf2 Rfd8 23. Raf1 R8d3 24. Rxd2 Rxd2 25. Rf2 Rd3 26. g4 Kf8
27. Kf1 Re3 28. Re2 Rd3 29. Ke1 Ke7 30. Rd2 Rxd2 31. Kxd2 e5 32. f5 g5 33. a4
Nd7 34. b4 f6 35. Kd3 Kd6 36. Kc4 Nb8 37. Bf1 Na6 38. Kb3 Nc7 39. Bd3 Na6 40.
Bc4 Nc7 41. Bg8 Na6 42. Be6 Nb8 43. a5 bxa5 44. bxa5 Na6 45. Kc4 Kc7 46. Bf7
1/2-1/2

[Event "Torneo FreeTUR"]
[Site "Torino ITA"]
[Date "2007.11.27"]
[Round "4"]
[White "Domenichelli, Serafino"]
[Black "Gussone, Claudio"]
[Result "0-1"]
[WhiteElo "1730"]
[BlackElo "1876"]
[PlyCount "74"]
[EventDate "2007.11.06"]

1. d4 d6 2. c4 Nf6 3. Nf3 g6 4. Nc3 Bg7 5. e3 O-O 6. Be2 Na6 7. O-O c5 8. d5
Bd7 9. e4 Nc7 10. e5 Nfe8 11. Bf4 dxe5 12. Nxe5 Nd6 13. Qd2 Nf5 14. Bg4 Bc8 15.
Rad1 g5 16. Nxf7 Rxf7 17. Bxg5 Nd4 18. Bh5 Rf8 19. Rfe1 Nf5 20. Ne4 h6 21. Bf4
Ne8 22. Nxc5 Nf6 23. Bg6 Nh4 24. Bb1 Qb6 25. Ne6 Bxe6 26. Rxe6 Qc5 27. Bg3 Qxc4
28. b3 Qg4 29. Qd3 Rad8 30. f3 Qg5 31. Bxh4 Qxh4 32. Rxf6 Rxf6 33. Qh7+ Kf7 34.
Bf5 Rxd5 35. g3 Rxd1+ 36. Kf2 Qg5 37. Be4 Rd2+ 0-1

[Event "Torneo FreeTUR"]
[Site "Torino ITA"]
[Date "2007.11.27"]
[Round "4"]
[White "Fassio, Francesco"]
[Black "Savarese, Ciro"]
[Result "1-0"]
[WhiteElo "1732"]
[BlackElo "1416"]
[PlyCount "83"]
[EventDate "2007.11.06"]

1. c4 c5 2. Nc3 Nc6 3. g3 g6 4. Bg2 Bg7 5. d3 Nf6 6. Nf3 d6 7. O-O O-O 8. Rb1
Rb8 9. a3 Bd7 10. b4 a6 11. b5 axb5 12. cxb5 Na7 13. a4 Ng4 14. Bb2 b6 15. Nd5
Bxb2 16. Rxb2 e6 17. Nf4 Qf6 18. Rc2 d5 19. h3 Ne5 20. Nxe5 Qxe5 21. e3 Nc8 22.
d4 Qd6 23. dxc5 bxc5 24. Ne2 Ra8 25. Qa1 Bxb5 26. Ra2 Bc4 27. Rb2 Qa6 28. Rc1
Bxe2 29. Rxc5 Qxa4 30. Qxa4 Rxa4 31. Rxe2 Ra1+ 32. Bf1 Nd6 33. Rec2 Rd1 34. Kg2
Ra8 35. Rc6 Raa1 36. Rxd6 Rxf1 37. Rd7 h5 38. Rcc7 Ra2 39. Rxf7 Re2 40. Rg7+
Kh8 41. Rgf7 Ra1 42. Rf8# 1-0

[Event "Torneo FreeTUR"]
[Site "Torino ITA"]
[Date "2007.11.27"]
[Round "4"]
[White "Gallucci, Alessio"]
[Black "Diana, Riccardo"]
[Result "1-0"]
[WhiteElo "2076"]
[BlackElo "2070"]
[PlyCount "69"]
[EventDate "2007.11.06"]

1. e4 d5 2. exd5 Qxd5 3. Nc3 Qa5 4. d4 Nf6 5. Bd2 c6 6. Bc4 Bf5 7. Ne4 Qc7 8.
Ng3 Bg6 9. h4 h6 10. N1e2 e6 11. Nf4 Be4 12. Qe2 Bd5 13. O-O-O Nbd7 14. Bxd5
cxd5 15. Kb1 O-O-O 16. Rh3 Kb8 17. Nfh5 Ka8 18. Bf4 Qa5 19. Nxf6 Nxf6 20. Be5
Nd7 21. Nh5 Rg8 22. Rf3 f6 23. Bg3 Re8 24. Rc3 e5 25. dxe5 fxe5 26. Qg4 Nb6 27.
Nf6 Bb4 28. Nxe8 Bxc3 29. Nc7+ Kb8 30. bxc3 Nc4 31. Nxd5 Qb4+ 32. Nxb4 a5 33.
Rd5 Na3+ 34. Kb2 Nc4+ 35. Kc1 1-0

[Event "Torneo FreeTUR"]
[Site "Torino ITA"]
[Date "2007.11.27"]
[Round "4"]
[White "Gariglio, Marco"]
[Black "Liviabella, Lucio"]
[Result "1/2-1/2"]
[WhiteElo "1491"]
[BlackElo "1571"]
[PlyCount "77"]
[EventDate "2007.11.06"]

1. e4 c5 2. Nf3 Nc6 3. Nc3 d6 4. d3 g6 5. Be2 Bg7 6. O-O Nf6 7. Ng5 Nd4 8. f4
h6 9. Nf3 Nxe2+ 10. Nxe2 O-O 11. Ng3 Qb6 12. Nh4 Ng4 13. Qe2 c4+ 14. Kh1 cxd3
15. cxd3 Bd4 16. h3 Nf6 17. f5 g5 18. Nf3 Bc5 19. Nh2 Bd4 20. Nh5 Nh7 21. Ng4
Bg7 22. Nxg7 Kxg7 23. h4 f6 24. hxg5 hxg5 25. Rf3 e6 26. Rh3 exf5 27. exf5 Bxf5
28. Re3 Bg6 29. b3 Bh5 30. Re7+ Rf7 31. Qe6 Qd4 32. Rb1 Nf8 33. Rxf7+ Bxf7 34.
Qf5 Be6 35. Qf3 Rd8 36. Bb2 Bxg4 37. Qxb7+ Rd7 38. Qxd7+ Nxd7 39. Bxd4 1/2-1/2

[Event "Torneo FreeTUR"]
[Site "Torino ITA"]
[Date "2007.11.27"]
[Round "4"]
[White "Martin, Tiziano"]
[Black "Angioni, Gian Carlo"]
[Result "1/2-1/2"]
[WhiteElo "2019"]
[BlackElo "1811"]
[PlyCount "88"]
[EventDate "2007.11.06"]

1. d4 d5 2. Nf3 Nf6 3. e3 Bf5 4. c4 c6 5. Nbd2 e6 6. Be2 Bd6 7. b3 Nbd7 8. c5
Bc7 9. Bb2 a5 10. a3 Qe7 11. b4 e5 12. dxe5 Nxe5 13. Nd4 Nd3+ 14. Bxd3 Bxd3 15.
N2f3 Bg6 16. O-O O-O 17. Qb3 Ne4 18. Rfc1 Rfe8 19. Bc3 Nxf2 20. Rf1 Nd3 21. Bd2
Be4 22. Qc3 g5 23. g3 h5 24. b5 h4 25. g4 Nxc5 26. bxc6 bxc6 27. Nxc6 Qd6 28.
Ncd4 Nd3 29. Nb5 Qd7 30. h3 Be5 31. Nxe5 Nxe5 32. Nc7 Qd6 33. Nxe8 Rxe8 34.
Rac1 Nd3 35. Qc7 Qg3+ 36. Qxg3 hxg3 37. Rc7 Nf2 38. Rxf2 gxf2+ 39. Kxf2 a4 40.
Bc3 Re6 41. Rc8+ Kh7 42. Rh8+ Kg6 43. Rg8+ Kh6 44. Rh8+ Kg6 1/2-1/2

[Event "Torneo FreeTUR"]
[Site "Torino ITA"]
[Date "2007.11.27"]
[Round "4"]
[White "Marvin, Elio"]
[Black "Di Stefano, Salvatore"]
[Result "1-0"]
[WhiteElo "1708"]
[BlackElo "1404"]
[PlyCount "71"]
[EventDate "2007.11.06"]

1. e4 e5 2. Nf3 Nc6 3. c4 Bc5 4. Be2 Nf6 5. d3 d6 6. O-O O-O 7. h3 Nd4 8. Nxd4
Bxd4 9. Nd2 c6 10. Nf3 Bb6 11. b4 c5 12. bxc5 Bxc5 13. Rb1 Bb6 14. Bd2 Bd7 15.
Bb4 Qc7 16. Qd2 a5 17. Ba3 Bc5 18. Bxc5 dxc5 19. Qb2 Rab8 20. Qxe5 Qc8 21. Rb6
Bxh3 22. gxh3 Qxh3 23. Nh2 Rfd8 24. Qg3 Qxg3+ 25. fxg3 Nh5 26. Bxh5 Rxd3 27.
Bxf7+ Kh8 28. Rf3 Rd1+ 29. Kg2 Rd2+ 30. Kh3 Rxa2 31. Bd5 a4 32. Rxb7 Rd8 33.
Ra7 a3 34. Raxa3 Rb2 35. Rf7 Rg8 36. Rc7 1-0

[Event "Torneo FreeTUR"]
[Site "Torino ITA"]
[Date "2007.11.27"]
[Round "4"]
[White "Rossotto, Bruno"]
[Black "Figari, Andrea"]
[Result "0-1"]
[WhiteElo "1401"]
[BlackElo "1563"]
[PlyCount "70"]
[EventDate "2007.11.06"]

1. d4 d5 2. c4 c6 3. a4 e6 4. Nc3 Nf6 5. Bg5 h6 6. Bh4 Bb4 7. Nf3 Nbd7 8. e3 g5
9. Bg3 Qa5 10. Qc2 Ne4 11. Rc1 Ndf6 12. Bd3 Nxg3 13. hxg3 Bd7 14. Nxg5 dxc4 15.
Bxc4 Qxg5 16. Kf1 Bd6 17. Ne2 Ng4 18. Nf4 Bxf4 19. exf4 Qf6 20. Be2 h5 21. Qe4
Qg7 22. Rc5 Nf6 23. Qe5 b6 24. Rc3 Qh7 25. Bd3 Qh6 26. f3 Nd5 27. Rc4 Qf6 28.
Qe2 Qg7 29. f5 Qxg3 30. Rh3 Qd6 31. g3 O-O-O 32. f4 exf5 33. Rxh5 Rxh5 34. Qxh5
Ne3+ 35. Kf2 Nxc4 0-1

[Event "Torneo FreeTUR"]
[Site "Torino ITA"]
[Date "2007.11.27"]
[Round "4"]
[White "Tondo, Stefano"]
[Black "Gatti, Franco"]
[Result "1/2-1/2"]
[WhiteElo "1496"]
[BlackElo "1499"]
[PlyCount "100"]
[EventDate "2007.11.06"]

1. e4 e5 2. Nf3 Nc6 3. Bb5 a6 4. Ba4 Nf6 5. O-O Bc5 6. c3 b5 7. Bc2 d6 8. d4
Bb6 9. h3 h6 10. Re1 O-O 11. Be3 Bb7 12. Nbd2 Re8 13. Nf1 d5 14. exd5 Qxd5 15.
Bb3 Qd6 16. dxe5 Qxd1 17. Raxd1 Nxe5 18. Nxe5 Rxe5 19. Bxb6 Rxe1 20. Rxe1 cxb6
21. Re7 Bd5 22. Bxd5 Nxd5 23. Rd7 Nf6 24. Rb7 Nd5 25. Rd7 Nf6 26. Rd6 Rb8 27.
Ne3 Ne4 28. Rd4 Nf6 29. Nf5 Re8 30. Kf1 Rb8 31. f3 Kh7 32. Kf2 Re8 33. Nd6 Rf8
34. Ne4 Nxe4+ 35. Rxe4 Rb8 36. Rd4 Kg6 37. f4 Kf6 38. Kf3 g6 39. g4 Re8 40.
Rd6+ Re6 41. Rxe6+ Kxe6 42. Ke4 f5+ 43. gxf5+ gxf5+ 44. Kd4 Kd6 45. h4 h5 46.
b4 Ke6 47. c4 bxc4 48. Kxc4 Kd6 49. a4 Ke6 50. b5 a5 1/2-1/2

[Event "Torneo FreeTUR"]
[Site "Torino ITA"]
[Date "2007.12.04"]
[Round "5"]
[White "Angioni, Gian Carlo"]
[Black "Fassio, Francesco"]
[Result "1-0"]
[WhiteElo "1811"]
[BlackElo "1732"]
[PlyCount "75"]
[EventDate "2007.11.06"]

1. e4 e5 2. Nf3 Nf6 3. d4 Nxe4 4. Bd3 d5 5. Nxe5 Be7 6. O-O O-O 7. c4 c6 8. Nc3
Nxc3 9. bxc3 Nd7 10. Nxd7 Qxd7 11. Re1 Qc7 12. c5 Be6 13. Qh5 g6 14. Qf3 Rfe8
15. Bf4 Qd8 16. Be5 b6 17. cxb6 axb6 18. Qe3 Bd6 19. Qh6 Bxe5 20. Rxe5 Qf6 21.
h4 Qg7 22. Qd2 f6 23. Re3 Bd7 24. Rae1 Rxe3 25. Rxe3 Re8 26. Rg3 Qf8 27. h5 g5
28. Qf4 Re7 29. Qd2 Qc8 30. h6 Bf5 31. f4 Bxd3 32. Rxd3 g4 33. Re3 Re4 34. Rxe4
dxe4 35. d5 Qd7 36. d6 f5 37. Qd4 Kf8 38. Qh8+ 1-0